000
00252nam a2200121Ia 4500
008
230312s9999||||xx |||||||||||||| ||und||
082
_a
891.4
_b
QAS-A
100
_a
QASMI
245
0
_a
Aabley
260
_b
SangeMeel
650
_a
Literature
942
_c
BK
999
_c
8633
_d
8633